Home Print Resources E-Books E-Journals IIMT Lecture Series Library Membership Form Book Recommendation Form Campus Tour Take AdmissionAbout Us Contact Us

YUG- PARIVARTAN KAISE AUR KAB (Record no. 55535)

000 -LEADER
fixed length control field nam a22 7a 4500
003 - CONTROL NUMBER IDENTIFIER
control field OSt
005 - DATE AND TIME OF LATEST TRANSACTION
control field 20220909123045.0
008 - FIXED-LENGTH DATA ELEMENTS--GENERAL INFORMATION
fixed length control field 220909b xxu||||| |||| 00| 0 eng d
040 ## - CATALOGING SOURCE
Transcribing agency IIMT UNIVERSITY, MEERUT
100 ## - MAIN ENTRY--PERSONAL NAME
Personal name SHARMA, ACHARYA
245 ## - TITLE STATEMENT
Title YUG- PARIVARTAN KAISE AUR KAB
260 ## - PUBLICATION, DISTRIBUTION, ETC.
Place of publication, distribution, etc. AKHAND JYOTI SANSTHAN
Name of publisher, distributor, etc. MATHURA
Date of publication, distribution, etc. 1998
942 ## - ADDED ENTRY ELEMENTS (KOHA)
Source of classification or shelving scheme
Koha item type Specimen
Holdings
Withdrawn status Lost status Source of classification or shelving scheme Damaged status Not for loan Home library Current library Date acquired Cost, normal purchase price Barcode Date last seen Price effective from Koha item type
          IIMT University Central Library Meerut IIMT University Central Library Meerut 09/09/2022 125.00 28-S-2197 09/09/2022 09/09/2022 Religious Book
IIMT, Central Library. All Rights Reserved IIMT,UNIVERSITY © 2023
Implemented and Customised by I CLOUDE EMS
You Are OPAC Visitor No
free web counter

Powered by Koha